000 00535nam a2200157 4500
008 161014b xxu||||| |||| 00| 0 eng d
022 _a0893-8989
082 _aDPer 363.205 P75 Aug 2014- Apr 2015 v. 38-39
100 _916227
_aMurgado, Amaury
245 _aWarrant of arrest runner/
_cAmaury Murgado.
260 _aCalifornia:
_bBobit Business Media,
_cc2014-2015.
300 _av39 n4, pages 22-24;
_c28 cm.
500 _aPolice: The Law Enforcement Magazine.
650 0 _916228
_aPolice
_xWarrant of arrest
942 _2ddc
_cPER
999 _c5232
_d5232